| 000 | 005470000a22002410004500 | ||
|---|---|---|---|
| 005 | 20120302062610.0 | ||
| 942 | _cBOOK | ||
| 100 |
_a _a _b _c |
||
| 245 | _a SOOT SANHITA | ||
| 260 | _aPUNE:MAHADEV CHIMNAJI APTE,1893 | ||
| 300 | _a754 P. | ||
| 490 | _aANANDASHRAM SANSKRUT GRANTHAWALI | ||
| 040 | _aSAN | ||
| 650 | _aVEDARTHA PRASHNA | ||
| 650 | _a PRAVAV | ||
| 650 | _a GAYATRI | ||
| 650 | _a VAIRAGYA | ||
| 650 | _a MUKTISADHAN | ||
| 650 | _a SHIV | ||
| 650 | _a SAMPRADAYA | ||
| 650 | _a MATSYA SKANDAPURAN | ||
| 650 | _a SOOTA | ||
| 999 |
_c357152 _d357149 |
||